000 00665nam a2200229Ia 4500
005 20241216010324.0
008 180423s9999||||xx |||||||||||||| ||und||
020 _a9972-221-05-9
082 _a320.57
_bL54
100 _aLEVANO CESAR Y TEJADA LUIS
245 0 _aLA UTOPIA LIBERTARIA EN EL PERU
_bOBRA COMPLETA
250 _a1
260 _aLIMA-PERU
_bASAMBLEA DE NACIONAL DE RECTORES
_c2006
300 _a672 pag.
_c23 cm
341 _h0
490 _v0
_a0
505 _aANARQUISMO/SINDICALISMO/ANARQUISTAS/MOVIMIENTOS OBREROS/HISTORIA POLITICA/
541 _aD
_bANR
_d15-Jul-14
650 _aCIENCIAS SOCIALES
856 _zHumanidades
942 _cLIBRO
999 _c11376
_d11376